| 000 | 00534nam a22001577a 4500 | ||
|---|---|---|---|
| 003 | NUST | ||
| 082 | _a610 | ||
| 100 |
_a Mehtab, Sameen _9122434 |
||
| 245 |
_aAssessment of Protein Aggregation in Aging Retina as an Early Retinal Biomarker / _cSameen Mehtab |
||
| 264 |
_aIslamabad: _bSMME- NUST. _c2021. |
||
| 300 |
_a49p. ; _bSoft Copy, _c30cm. |
||
| 650 | _aMS Biomedical Sciences (BMS) | ||
| 700 |
_aSupervisor : Dr. Saima Zafar _9122351 |
||
| 856 | _uhttp://10.250.8.41:8080/xmlui/handle/123456789/35448 | ||
| 942 |
_2ddc _cTHE |
||
| 999 |
_c608929 _d608929 |
||